Statistics for Answers Contain "Steel"

Click here to take the quiz!

General Stats

  • This quiz has been taken 73 times
  • The average score is 9 of 14

Answer Stats

HintAnswer% Correct
Nickname for Superman (or Stalin)Man of Steel
95%
NFL teamPittsburgh Steelers
87%
1989 film with Julia Roberts, Dolly Parton, and Sally FieldSteel Magnolias
85%
Musical instrument originating in Trinidad and Tobagosteelpan / steel drum
83%
Steel alloy with chromium to resist corrosionstainless steel
78%
Nickname of Sheffield, EnglandSteel City
78%
Bundle of fine steel filaments used for polishing and cleaningsteel wool
72%
The fourth-bestselling fiction author of all timeDanielle Steel
67%
Walter Becker and Donald Fagen's bandSteely Dan
62%
Musical instrument popular in Hawaiian musicsteel guitar
50%
Derek Zoolander's trademark lookBlue Steel
43%
The alliance between Italy and Germany forged in 1939Pact of Steel
38%
2011 Hugh Jackman movie about boxing robotsReal Steel
32%
Mottled type of steel pictured aboveDamascus steel
20%

Score Distribution

Percentile by Number Answered

Percent of People with Each Score

Your Score History

You have not taken this quiz